000 00802nam a2200241 i 4500
001 15392
003 ES-MaACL
005 20230906151048.0
007 t|
008 000222s1999 sp ||||1| spa d
020 _a84-87136-99-0
080 _a343.195.2(460.288)"1888/1936"
100 1 _aGómez Rivero, Ricardo.
_958132
245 1 3 _aEl tribunal del jurado en Albacete (1888-1936) /
_cRicardo Gómez Rivero.
260 _aAlbacete :
_bInstituto de Estudios Albacetenses "Don Juan Manuel",
_c1999.
300 _a281 p. ;
_c22 cm.
490 1 _aSerie I--Estudios ;
_v112
650 1 4 _aJurado-
_zAlbacete-
_vHistoria.
_914027
710 2 _aInstituto de Estudios Albacetenses.
_94884
830 0 _aSerie I--Estudios ;
_v112
_9179228
852 _aES-MaACL
_jL-22515
_bR.127680
999 _c15392
_d15392